00989cam a2200289 a 4500001000400000003001000004005001700014008004100031020001800072040002500090080001800115090001900133100002600152245012600178260003800304300002000342504002500362650004200387650002700429650002700456650002200483650002200505650002400527942001200551952012300563999001300686124BR-CuiBMT20231109221151.0230818s2022 mgb 000 0 por d a9786555183627 aBR-CuiBMTcBR-CuiBMT 22007a343.352 a343.352bL435a1 aLeal, Rogério Gesta10aAspectos polêmicos da lei anticorrupção no Brasil /cRogério Gesta Leal ; prefácio Romeu Felipe Bacellar Filho. aBelo Horizonte :bFórum,c2022. a139 p. ;c22 cm aInclui bibliografia. aCorrupçãovLegislaçãozBrasil aDireito administrativo aDireito constitucional aDireito público aDireito economico aDireito empresarial 2udccLV 00102udc4070aBIBTCEMTbBIBTCEMTd2023-07-28l0o343.352 L435apBIBTCEMT23080101r2023-08-18tEx. 1w2023-08-18yLV c124d124